Políticas públicas y derechos humanos en regresión

Uloženo v:
Podrobná bibliografie
Hlavní autor: Olea Ferreras, Sonia (Autor)
Médium: Kniha
Jazyk:španělština
Vydáno: Madrid Caritas Española 2016
Vydání:1a. ed
Edice:Documentación Social, 181
Témata:
Tagy: Přidat tag
Žádné tagy, Buďte první, kdo vytvoří štítek k tomuto záznamu!

MARC

LEADER 00000cam a2200000 a 4500
001 UCC9149
003 CL-VaPUC
008 190906e20160000sp |||||||||||||||||spa|d
020 |a 9788484407263 
082 0 4 |a 323.4  |b OLE  |2 21 
100 0 |a Olea Ferreras, Sonia  |e author  |9 604040 
245 1 0 |a Políticas públicas y derechos humanos en regresión 
250 |a 1a. ed 
300 |a 294 p 
942 |c BK 
945 |d 20190906 13:31:00  |a dcastane 
260 |a Madrid  |b Caritas Española  |c 2016 
650 0 |a Derechos humanos  |9 223025 
650 7 |a POLITICA PUBLICA  |2 CL-VaPUC  |9 484690 
583 |a last modification  |c 20190906 13:31:00  |k Rodrigo Vera 
490 0 |a Documentación Social, 181 
999 |c 375343  |d 375341 
952 |0 0  |1 0  |3 erb  |4 0  |6 323_400000000000000_OLE_2016  |7 0  |8 WP_COW  |9 561291  |a BIBDER  |b BIBDER  |e Fundación W and P Cowley  |i 5599245  |o 323.4 OLE 2016  |p 5599245  |r 2023-01-25  |w 2020-03-12  |y BK  |z Catalogado en:20190906  |k WPC